Twelve management skills for success

محفوظ في:
التفاصيل البيبلوغرافية
المؤلف الرئيسي: Narain, Ram
التنسيق: كتاب
منشور في: New Delhi : Viva Books, 2006.
الموضوعات:
الوسوم: إضافة وسم
لا توجد وسوم, كن أول من يضع وسما على هذه التسجيلة!

MARC

LEADER 00000nam a2200000 4500
020 |a 8130901846  |c TZS 22000/= 
040 |a MUL  |b eng  |e AACR 
082 |a 658 NAR 
100 |a Narain, Ram 
245 |a Twelve management skills for success  |c / Ram Narain 
260 |a New Delhi :  |b Viva Books,  |c 2006. 
300 |a viii, 432p. :  |b ill. ;  |c 24 cm 
650 |a Communication skills  
650 |a Customer service 
650 |a Leadership skills 
650 |a Negotiation skills 
942 |c BK 
999 |c 4176  |d 4176